Normal view
MARC view
Entry Término temático
001 - NÚMERO DE CONTROL
- campo de control: 28379
003 - IDENTIFICADOR DEL NÚMERO DE CONTROL
- campo de control: FranzMayer
005 - FECHA Y HORA DE LA ÚLTIMA TRANSACCIÓN
- campo de control: 20220629151945.0
008 - DATOS DE LONGITUD FIJA
- campo de control de longitud fija: 220629|| aca||aabn | a|a d
040 ## - FUENTE DE LA CATALOGACIÓN
- Centro catalogador/agencia de origen: FranzMayer
- Centro/agencia transcriptor: FranzMayer
150 ## - ENCABEZAMIENTO--TÉRMINO DE MATERIA
- Término de materia o nombre geográfico como elemento de entrada: Escritos de viajeros
- Subdivisión cronológica: Siglo XIX
- Subdivisión general: Historia y crítica
- Subdivisión de forma: Congresos.
- Subdivisión geográfica: México
670 ## - FUENTE DE DATOS ENCONTRADOS
- Cita de la fuente: Work cat.: (FranzMayer)10795: Coloquio Internacional El Viajero y la Ciudad 2007 : Universidad Nacional Autónoma de México 28377, El viajero y la ciudad /